000 00421nam a22001697a 4500
003 CEME
005 20210628203518.0
008 210120b xxu||||| |||| 00| 0 eng d
020 _a1-85573-312-9
040 _c.
082 _a620.1923 MEC
100 _aHodgkinson.J.M
_965926
245 _aMechanical testing of advanced fibre composites
260 _aENGLAND
_bCRC PRESS
_c2000
300 _a362P
942 _cBK
_2ddc
999 _c573998
_d573998